Francouzská jaderná energetika Informační studie k 3. prioritnímu směru Komplexního programu VTP zemí RVHP do roku 2000

Guardado en:
Detalles Bibliográficos
Autor principal: Havlíková, Hana
Formato: Libro
Lenguaje:checo
Publicado: Praha Ústředí vědeckých, technických a ekonomických informací 1987
Etiquetas: Agregar Etiqueta
Sin Etiquetas, Sea el primero en etiquetar este registro!

MARC

LEADER 00000nam a2200000 4500
001 c023217
005 20251111094709.2
041 0 |a cze 
044 |a CZ 
245 1 0 |a Francouzská jaderná energetika  |b Informační studie k 3. prioritnímu směru Komplexního programu VTP zemí RVHP do roku 2000  |c Hana Havlíková 
264 1 |a Praha  |b Ústředí vědeckých, technických a ekonomických informací  |c 1987 
300 |a 47 s. 
100 1 |a Havlíková, Hana